ভ্রমণসমগ্র / (Record no. 979)
[ view plain ]
| 000 -LEADER | |
|---|---|
| fixed length control field | 00693nam a2200229 a 4500 |
| 001 - CONTROL NUMBER | |
| JCCL Control Number | 979 |
| 003 - CONTROL NUMBER IDENTIFIER | |
| JCCL marc code | BD-JhCC |
| 005 - DATE AND TIME OF LATEST TRANSACTION | |
| control field | 20171012124619.0 |
| 008 - FIXED-LENGTH DATA ELEMENTS--GENERAL INFORMATION | |
| fixed length control field | 171012s2006 bg |||| |||| 000 0 ben d |
| 020 ## - INTERNATIONAL STANDARD BOOK NUMBER | |
| International Standard Book Number | 9844125197 |
| 035 ## - SYSTEM CONTROL NUMBER | |
| system control number | (BD-JhCC)979 |
| 040 ## - CATALOGING SOURCE | |
| Original cataloging agency | BD-JhCC |
| Modifying agency | BD-JhCC |
| 041 ## - LANGUAGE CODE | |
| Language code of Book | ben |
| 082 ## - DEWEY DECIMAL CLASSIFICATION NUMBER | |
| Classification number | 917.1 |
| Author mark and Year | ABD 2006 |
| 100 ## - MAIN ENTRY--PERSONAL NAME | |
| Personal name | শিকদার, আবদুল হাই |
| 245 ## - TITLE STATEMENT | |
| Title | ভ্রমণসমগ্র / |
| Statement of responsibility, etc | আবদুল হাই শিকদার |
| 260 ## - PUBLICATION, DISTRIBUTION, ETC. (IMPRINT) | |
| Place of publication, distribution, etc | ঢাকাঃ |
| Name of publisher, distributor, etc | অনন্যা, |
| Date of publication, distribution, etc | ২০০৬. |
| 300 ## - PHYSICAL DESCRIPTION | |
| Pagination | ৮৯৬.ঃ |
| Dimensions | ২১ সেমি. |
| 650 ## - SUBJECT ADDED ENTRY--TOPICAL TERM | |
| Topical term or geographic name as entry element | Collective of travel |
| General subdivision | Bengali literature |
| 942 ## - ADDED ENTRY ELEMENTS (KOHA) | |
| Source of classification or shelving scheme | Dewey Decimal Classification |
| Koha item type | Books |
| Source of classification or shelving scheme | Damaged status | Not for loan | Home library | Current library | Shelving location | Date of accession | Source of acquisition | Cost, normal purchase price | Total Checkouts | Full call number | Barcode | Date last seen | Date checked out | Copy number | Koha item type |
|---|---|---|---|---|---|---|---|---|---|---|---|---|---|---|---|
| Dewey Decimal Classification | JCC Rouf Library | JCC Rouf Library | General Stacks | 10/12/2017 | Fundation of the Tenth's Efforts | 400.00 | 1 | 917.1 ABD 2006 | 1857 | 07/04/2024 | 07/02/2024 | C-1 | Books | ||
| Dewey Decimal Classification | JCC Rouf Library | JCC Rouf Library | 11/07/2017 | 400.00 | 1 | 917.1 ABD 2006 | 4282 | 10/25/2018 | 10/04/2018 | C-2 | Books |